| 000 | 00824cam a22002655a 4500 | ||
|---|---|---|---|
| 001 | 016014804 | ||
| 003 | OSt | ||
| 005 | 20161204145632.0 | ||
| 008 | 120117t2013 enka frb 001 0 eng d | ||
| 020 | _a9780273771609 | ||
| 020 | _a0273771604 | ||
| 040 |
_aStDuBDS _beng _cStDuBDS _dUk _dEG-ScBUE |
||
| 082 | 0 | 4 |
_a339 _222 _bHUB |
| 100 | 1 |
_aHubbard, R. Glenn _938893 |
|
| 245 | 1 | 0 |
_aMicroeconomics / _cR. Glenn Hubbard, Anthony Patrick O'Brien. |
| 250 | _a4th ed., International ed. | ||
| 260 |
_aHarlow : _bPearson Education Limited, _cc.2013. |
||
| 300 |
_a(Various pagings) : _bill. ; _c28 cm. |
||
| 504 | _aIncludes bibliographical references and index. | ||
| 650 | 7 |
_aMicroeconomics. _2BUEsh _95599 |
|
| 651 | _2BUEsh | ||
| 653 |
_bBUSECO _cDecember2016 |
||
| 700 | 1 |
_aO'Brien, Anthony Patrick. _941421 |
|
| 942 | _2ddc | ||
| 999 |
_c23443 _d23415 |
||